Amor perfecto: Te odio y te quiero (Record no. 554)
[ view plain ]
| 000 -LEADER | |
|---|---|
| campo de control de longitud fija | 00402nam a22001337a 4500 |
| 008 - DATOS DE LONGITUD FIJA--INFORMACIÓN GENERAL | |
| campo de control de longitud fija | 150430b xxu||||| |||| 00| 0 eng d |
| 082 ## - NÚMERO DE LA CLASIFICACIÓN DECIMAL DEWEY | |
| Número de clasificación | 708 |
| Número de ítem | C 391a |
| 100 ## - ENTRADA PRINCIPAL--NOMBRE DE PERSONA | |
| Nombre de persona | Ceibal, Alfredo |
| 9 (RLIN) | 2529 |
| 245 ## - MENCIÓN DEL TÍTULO | |
| Título | Amor perfecto: Te odio y te quiero |
| Mención de responsabilidad, etc. | Ceibal, Alfredo |
| 260 ## - PUBLICACIÓN, DISTRIBUCIÓN, ETC. | |
| Lugar de publicación, distribución, etc. | New York |
| Fecha de publicación, distribución, etc. | 1997 |
| 300 ## - DESCRIPCIÓN FÍSICA | |
| Extensión | 24 p. |
| Otras características físicas | ill. (col) |
| Dimensiones | 28x21 cm |
| Material acompañante/anejo | folleto |
| 650 ## - PUNTO DE ACCESO ADICIONAL DE MATERIA--TÉRMINO DE MATERIA | |
| Subdivisión general | Catalogo-exhibicion |
| 9 (RLIN) | 2530 |
| 700 ## - ENTRADA AGREGADA--NOMBRE PERSONAL | |
| Nombre de persona | Ceibal, Alfredo |
| 9 (RLIN) | 2531 |
| Estatus retirado | Estado de pérdida | Fuente del sistema de clasificación o colocación | Estado de daño | No para préstamo | Biblioteca de origen | Biblioteca actual | Ubicación en estantería | Fecha de adquisición | Total de préstamos | Signatura topográfica completa | Código de barras | Visto por última vez | Precio de reemplazo | Tipo de ítem Koha |
|---|---|---|---|---|---|---|---|---|---|---|---|---|---|---|
| Clasificación Decimal Dewey | Biblioteca LadoV | Biblioteca LadoV | 30/04/2015 | 708 C 391a | 004008 | 30/04/2015 | 30/04/2015 | Material 01 |
